Les départements de France qui ont eu des vigilances rouges en 2025 - Statistiques

Statistiques générales
  • Ce quiz a été pris 23 fois
  • Le résultat moyen est 19 sur 36
Statistiques - réponses
Nombre de jours Aléas Département % Correct
2 Canicule Gironde
84%
4 Canicule Aude
74%
2 Canicule Haute-Garonne
74%
2 Canicule Landes
74%
2 Canicule Lot
74%
2 Canicule Lot-et-Garonne
68%
2 Canicule Charente
63%
2 Crues Hérault
63%
2 Canicule Tarn
63%
2 Canicule Tarn-et-Garonne
63%
2 Canicule Cher
58%
3 Canicule Drôme
58%
2 Canicule Gers
58%
2 Canicule Indre
58%
2 Canicule Indre-et-Loire
58%
2 Canicule Loiret
58%
3 Canicule Rhône
58%
2 Canicule Charente-Maritime
53%
5 Crues Morbihan
53%
2 Canicule Paris
53%
3 Canicule Ardèche
47%
2 Canicule Dordogne
47%
5 Crues Loire-Atlantique
47%
2 Canicule Loir-et-Cher
47%
2 Canicule Vienne
47%
2 Canicule Hauts-de-Seine
42%
3 Canicule Isère
42%
2 Canicule Seine-et-Marne
42%
2 Canicule Val-de-Marne
42%
2 Canicule Val-d'Oise
42%
2 Canicule Essonne
37%
6 Crues Ille-et-Vilaine
37%
2 Canicule Seine-Saint-Denis
37%
2 Canicule Yvelines
37%
2 Canicule Yonne
32%
2 Canicule Aube
26%
Aucun quiz correspondant
Distribution des résultats
% des personnes avec chaque résultat
Percentile par nombre de réponses
Votre historique - résultats
Vous n’avez pas pris ce quiz